| 000 | 00569nam a2200217Ia 4500 | ||
|---|---|---|---|
| 005 | 20250326144508.0 | ||
| 008 | 250326s9999 xx 000 0 und d | ||
| 020 | _a0-470-84742-5 | ||
| 037 | _aTextbook | ||
| 040 |
_aFMSL _beng _cFMSL |
||
| 041 |
_aeng _2eng |
||
| 084 |
_aX:74 P3;2 _qFMSL |
||
| 100 |
_aStamm B V _9746912 |
||
| 245 | 0 |
_aInnovation wave _cStamm B V |
|
| 260 |
_aNew Jersey _bNew Jersey, John Wiley _c2003 |
||
| 300 | _avii,216 | ||
| 365 | _b3642.75 | ||
| 650 | _aManagement | ||
| 942 |
_cTB _hX:74 P3;2 |
||
| 999 |
_c1303918 _d1303918 |
||